| 000 | 00823nam a22001937a 4500 | ||
|---|---|---|---|
| 003 | BD-DhUL | ||
| 005 | 20180723103524.0 | ||
| 008 | 160905s2005 bg ||||| |||| 00| 0 ben | ||
| 040 |
_aBD-DhUL _cBD-DhUL |
||
| 082 |
_a954 _bGHB |
||
| 100 | 1 | _aঘোষ, সুনীতি কুমার। | |
| 245 | 1 | 0 |
_aবাংলা বিভাজনের অর্থনীতি-রাজনীতি / _cসুনীতি কুমার ঘোষ। |
| 250 | _a১ম বাংলাদেশ | ||
| 260 |
_aঢাকা : _bজাতীয় সাহিত্য, _c২০০৫ (২০০৮ মুদ্রণ)। |
||
| 300 |
_a৩৩২ পৃ. : _bমানচিত্র ; _c২২ সেমি. |
||
| 650 | 4 | _a ভারতবর্ষ - ইতিহাস | |
| 650 | 4 | _aIndia - History | |
| 942 |
_2ddc _cBK |
||
| 999 |
_c104200 _d104200 |
||